The Problem Oriented System (Record no. 816)

000 -LEADER
fixed length control field 00599nam a22002057a 4500
005 - DATE AND TIME OF LATEST TRANSACTION
control field 20210422062811.0
008 - FIXED-LENGTH DATA ELEMENTS--GENERAL INFORMATION
fixed length control field 201228s1972 ||||| |||| 00| 0 eng d
040 ## - CATALOGING SOURCE
Original cataloging agency eng
Transcribing agency DLC
Modifying agency eng
041 ## - LANGUAGE CODE
Language code of text/sound track or separate title eng
080 ## - UNIVERSAL DECIMAL CLASSIFICATION NUMBER
Universal Decimal Classification number 61
Item number H-93
100 ## - MAIN ENTRY--PERSONAL NAME
9 (RLIN) 389
Personal name Hurst, J. Willis
Dates associated with a name Editor
245 ## - TITLE STATEMENT
Title The Problem Oriented System
Statement of responsibility, etc. / by: MEDCOM Learning Systems
260 ## - PUBLICATION, DISTRIBUTION, ETC.
Place of publication, distribution, etc. New York
Name of publisher, distributor, etc. MEDCOM Learning Systems
Date of publication, distribution, etc. 1972
300 ## - PHYSICAL DESCRIPTION
Extent 287 p.
Other physical details ill.
490 ## - SERIES STATEMENT
Materials specified Medcom Medical Update Series
650 #0 - SUBJECT ADDED ENTRY--TOPICAL TERM
9 (RLIN) 69
Topical term or geographic name entry element Medicine
653 ## - INDEX TERM--UNCONTROLLED
Uncontrolled term მედიცინა
700 ## - ADDED ENTRY--PERSONAL NAME
9 (RLIN) 376
Personal name Walker,H.Kenneth
Relator term Editor
942 ## - ADDED ENTRY ELEMENTS (KOHA)
Source of classification or shelving scheme
Koha item type Books
Holdings
Withdrawn status Lost status Source of classification or shelving scheme Damaged status Not for loan Permanent location Current location Date acquired Inventory number Total Checkouts Full call number Barcode Date last seen Price effective from Koha item type
          Ken Walker International University Ken Walker International University 12/28/2020 2339   61 H-93 2339 12/28/2020 12/28/2020 Books

Powered by Koha